| LEADER 01174nam 2200277 a 4500 |
| 001 12334106149 |
| 003 ULIB |
| 008 030417s2551 th a sb 001 0 tha |
| 020 ^a9789747743197
|
| 060 ^aWK819^bส473 2551
|
| 245 00 ^a200 เมนูเด็ด พิชิตเบาหวาน =^b200 diabetic recipes /^cช่อทิพยวรรณ พันธุ์แก้ว บก.เรียบเรียง
|
| 250 ^aพิมพ์ครั้งที่ 1
|
| 260 ^aกรุงเทพฯ :^bต้นธรรม,^c[2551]
|
| 300 ^a304 หน้า:^bภาพประกอบ
|
| 520 ^aหนังสือเล่มนี้เสนอเนื้อหาเกี่ยวกับโรคเบาหวาน วิธีการป้องกันและบำบัดรักษา หลักการควบคุมอาหารเพื่อพิชิตเบาหวาน เทคนิคการปรุงอาหารสำหรับผู้ป่วยเบาหวาน และเมนูอาหาร สำหรับผู้ป่วยเบาหวาน
|
| 650 7 ^aเบาหวาน
|
| 650 7 ^aเบาหวาน^xการรักษา
|
| 650 7 ^aเบาหวาน^xโภชนบำบัด
|
| 650 7 ^aโภชนาการ
|
| 650 7 ^aอาหาร
|
| 700 0 ^aช่อทิพยวรรณ พันธุ์แก้ว,^eบรรณาธิการ
|
| 913 ^aImported by ULIBM Administrator
|
| 949 ^aImport form external file by ULIBM system
|
| 999 ^aสุณิสา
|